Environmental planning and management
Guardat en:
| Autor principal: | |
|---|---|
| Format: | Llibre |
| Idioma: | anglès |
| Publicat: |
Ishwar Books
2019
|
| Etiquetes: |
Afegir etiqueta
Sense etiquetes, Sigues el primer a etiquetar aquest registre!
|
MARC
| LEADER | 00000nam a22000007a 4500 | ||
|---|---|---|---|
| 008 | 210816b ||||| |||| 00| 0 eng d | ||
| 020 | |a 9789386806260 | ||
| 100 | |a KUMAR, Sanjay | ||
| 245 | |a Environmental planning and management |c Sanjay Kumar |g vi,328p.:ill. | ||
| 260 | |b Ishwar Books |c 2019 |h New Delhi |i 696852 |i 696853 |l HC110.E5K96 |m Environmental policy |m Environmental protection | ||
| 500 | |a It includes bibliography and index | ||
| 942 | |a lcc |c BK |e Kuteyi, M. A. |f 16/8/2021 | ||
| 952 | |0 0 |1 0 |2 lcc |4 0 |6 HC0110 E5 K96 |7 0 |9 3038 |a HOL |b HOL |c GJ |d 2021-08-16 |l 0 |o HC110.E5K96 |p 2021-66739 |r 2021-08-16 00:00:00 |w 2021-08-16 |y BK | ||
| 952 | |0 0 |1 0 |2 lcc |4 0 |6 HC0110 E5 K96 |7 0 |9 3039 |a HOL |b EDM |c GJ |d 2021-08-16 |l 0 |o HC110.E5K96 |p 2021-66740 |r 2021-08-16 00:00:00 |w 2021-08-16 |y BK | ||
| 999 | |c 1541 |d 1541 | ||